Graphic analysis in agricultural economics / (Record no. 64269)
[ view plain ]
| 000 -LEADER | |
|---|---|
| fixed length control field | 00896nam a2200241 a 4500 |
| 001 - CONTROL NUMBER | |
| control field | 64269 |
| 003 - CONTROL NUMBER IDENTIFIER | |
| rucl marc code | BD-RjUL |
| 005 - DATE AND TIME OF LATEST TRANSACTION | |
| control field | 20211209081304.0 |
| 008 - FIXED-LENGTH DATA ELEMENTS--GENERAL INFORMATION | |
| fixed length control field | 170212s1957 waua|||| |||| 000 0 eng d |
| 035 ## - SYSTEM CONTROL NUMBER | |
| System control number | (BD-RjUL)64399 |
| 040 ## - CATALOGING SOURCE | |
| Original cataloging agency | BD-RjUL |
| Language of cataloging | eng |
| Transcribing agency | BD-RjUL |
| 041 ## - LANGUAGE CODE | |
| Language code of text/sound track or separate title | eng |
| 082 ## - DEWEY DECIMAL CLASSIFICATION NUMBER | |
| Edition number | 23 |
| Classification number | 338.10212 |
| Author mark and year | WAG 1957 |
| 100 1# - MAIN ENTRY--PERSONAL NAME | |
| Personal name | Waugh, Frederick V |
| 9 (RLIN) | 190862 |
| 245 ## - TITLE STATEMENT | |
| Title | Graphic analysis in agricultural economics / |
| Statement of responsibility, etc. | Frederick V Waugh; United States. Agricultural Marketing Service. |
| 260 ## - PUBLICATION, DISTRIBUTION, ETC. (IMPRINT) | |
| Place of publication, distribution, etc. | Washington, D.C. : |
| Name of publisher, distributor, etc. | U.S. Dept. of Agriculture, |
| Date of publication, distribution, etc. | Agricultural Marketing Service, 1957. |
| 300 ## - PHYSICAL DESCRIPTION | |
| Pagination | 69 p. : |
| Illustrations | ill.; |
| Size | 24 cm. |
| 490 ## - SERIES STATEMENT | |
| Series statement | Agriculture handbook (United States. Department of Agriculture), |
| Volume/sequential designation | No. 128. |
| 650 ## - SUBJECT ADDED ENTRY--TOPICAL TERM | |
| Topical term or geographic name as entry element | Agriculture |
| General subdivision | Economic aspects |
| -- | Research. |
| 9 (RLIN) | 190859 |
| Topical term or geographic name as entry element | Graphic methods. |
| 9 (RLIN) | 190860 |
| Topical term or geographic name as entry element | Agriculture -- Statistics. |
| 9 (RLIN) | 190861 |
| 942 ## - ADDED ENTRY ELEMENTS (KOHA) | |
| Source of classification or shelving scheme | Dewey Decimal Classification |
| Koha item type | Books |
| Lost status | Source of classification or shelving scheme | Damaged status | Not for loan | Collection code | Permanent Location | Current Location | Shelving location | Date acquired | Source of acquisition | Cost, normal purchase price | Total Checkouts | Full call number | Date last seen | Copy number | Koha item type |
|---|---|---|---|---|---|---|---|---|---|---|---|---|---|---|---|
| Dewey Decimal Classification | Not For Loan | Non-fiction | Central Library, University of Rajshahi | Central Library, University of Rajshahi | Reading Room | 27/01/1958 | Pak American.com. | 2.00 | 338.10212 WAG 1957 | 12/02/2017 | C-1 | Books |